[Event "Nova Gorica op"]
[Site "Nova Gorica"]
[Date "1997.??.??"]
[Round "7"]
[White "Finkel, Alexander"]
[Black "Timoshenko, Georgy"]
[Result "1/2-1/2"]
[WhiteElo "2505"]
[BlackElo "2510"]

1.e4 c5 2.c3 Nf6 3.e5 Nd5 4.g3 Qc7 5.Qe2 Nc6 6.Nf3 g5 7.h3 Bg7 8.Bg2 Nb6
9.O-O Nxe5 10.Nxg5 c4 11.b3 d5 12.bxc4 Qxc4 13.Qh5 h6 14.Nf3 Nd3 15.Ba3 Qc6
16.Nh4 Qe6 17.f4 O-O 18.Rf3 Qe2 19.g4 Ne1 20.Rf2 Qd3 21.g5 hxg5 22.fxg5 Nxg2
23.Nxg2 Qxh3 24.Qxh3 Bxh3 25.Nf4 Bg4 26.Bxe7 Rfe8 27.Bf6 Re1+ 28.Rf1 Rxf1+
29.Kxf1 Bf8 30.Ng2 Nd7 31.Bd4 Be7 32.Be3 Ne5 33.d4 Nf3 34.Nd2 Nxg5 35.Nf4 Rd8
36.Rb1 b6 37.Kf2 Bf5 38.Rg1 Kf8 39.Rh1 Ne4+ 40.Nxe4 Bxe4 41.Rh6 Rd6 42.Rh5 Bf6
43.Bd2 b5 44.Ne2 Bg6 45.Rh3 Bf5 46.Rh1 Bg7 47.Bf4 Rg6  1/2-1/2

[Event "RUS-chT"]
[Site "Orel"]
[Date "1997.??.??"]
[Round "?"]
[White "Kalugin, Sergei"]
[Black "Shovunov, Baatr"]
[Result "1/2-1/2"]
[WhiteElo "2255"]
[BlackElo "2340"]

1.e4 c5 2.c3 Nf6 3.e5 Nd5 4.d4 cxd4 5.Nf3 Nc6 6.Bc4 Nb6 7.Bb3 d5 8.exd6 Qxd6
9.O-O Be6 10.Na3 Bxb3 11.Qxb3 Qd5 12.Nb5 Rc8 13.Nbxd4 Nxd4 14.Nxd4 e6  1/2-1/2

[Event "RUS-chT"]
[Site "Orel"]
[Date "1997.??.??"]
[Round "?"]
[White "Nikitin, Andrey"]
[Black "Makarov, Marat"]
[Result "0-1"]
[WhiteElo "2480"]
[BlackElo "2545"]

1.e4 c5 2.c3 Nf6 3.e5 Nd5 4.d4 cxd4 5.Nf3 Nc6 6.Bc4 Nb6 7.Bb3 g6 8.cxd4 Bg7
9.Nc3 O-O 10.O-O d6 11.exd6 Qxd6 12.Be3 Na5 13.Ne4 Qd8 14.Bc2 Nd5 15.Bg5 b6
16.Re1 Bb7 17.Rc1 Rc8 18.Bd3 Rxc1 19.Qxc1 Qd7 20.Qd2 Rc8 21.Bh6 f6 22.b3 Qc7
23.h4 Bxh6 24.Qxh6 Qf4 25.Neg5 fxg5 26.Bxg6 Nf6 27.Ne5 Rf8 28.Bxh7+ Nxh7
29.Qg6+ Kh8 30.Qc2 Qf6 31.Ng6+ Kg7 32.Nxf8 Nxf8 33.Qc7 Ne6 34.Qd7  0-1

[Event "RUS-chT"]
[Site "Orel"]
[Date "1997.??.??"]
[Round "?"]
[White "Rogovskoy, Alexander"]
[Black "Kozak, Vadim"]
[Result "1/2-1/2"]
[WhiteElo "2405"]
[BlackElo "2270"]

1.e4 c5 2.c3 Nf6 3.e5 Nd5 4.d4 cxd4 5.Qxd4 e6 6.Nf3 Nc6 7.Qe4 d6 8.Nbd2 Qc7
9.exd6 Bxd6 10.Nc4 Be7 11.Bd3 b6 12.O-O Bb7 13.Nce5 Nxe5 14.Qxe5 Qxe5 15.Bb5+ Kf8
16.Nxe5 f6  1/2-1/2

[Event "Orel"]
[Site "Orel"]
[Date "1997.??.??"]
[Round "?"]
[White "Kalugin, Sergei"]
[Black "Goloshchapov, Alexander"]
[Result "1-0"]
[WhiteElo "2255"]
[BlackElo "2455"]

1.e4 c5 2.c3 Nf6 3.e5 Nd5 4.d4 cxd4 5.Nf3 Nc6 6.Bc4 Nb6 7.Bb3 d5 8.exd6 Qxd6
9.O-O Be6 10.Bxe6 Qxe6 11.Nxd4 Nxd4 12.Qxd4 Rd8 13.Qh4 Qe2 14.Be3 e6 15.Bxb6 axb6
16.Na3 Bxa3 17.Qa4+ Ke7 18.Qxa3+ Rd6 19.Rfe1 Qa6 20.Qb4 Qa5 21.Qe4 Qd5 22.Qg4 g6
23.Rad1 Qc5 24.Rxd6 Qxd6 25.Rd1 Qe5 26.Qb4+ Qc5 27.Qe4 Qc7 28.Qh4+ f6 29.Qh6 Ke8
30.Rd4 Rf8 31.h3 f5 32.Ra4 Rf7 33.Ra8+ Kd7 34.Qd2+ Ke7 35.Qd4 e5 36.Qd5 Kf6
37.Rd8 Ke7 38.Rh8 Rg7 39.Qb5 Kf6 40.Qb4 Rf7 41.Qh4+ Ke6 42.Re8+ Kd6 43.Qb4+ Qc5
44.Qb3 Re7 45.Rd8+ Kc7 46.Qg8 Qb5 47.Qf8  1-0

[Event "Ostrava op"]
[Site "Ostrava"]
[Date "1997.??.??"]
[Round "?"]
[White "Klima, Lukas"]
[Black "Firt, Stanislav"]
[Result "0-1"]
[WhiteElo "2235"]
[BlackElo "2345"]

1.e4 c5 2.c3 Nf6 3.e5 Nd5 4.d4 cxd4 5.Nf3 d6 6.Bc4 e6 7.cxd4 Nc6 8.O-O Be7
9.exd6 Qxd6 10.Nc3 Nxc3 11.bxc3 O-O 12.Bd3 Rd8 13.Ng5 h6 14.Bh7+ Kf8 15.Ne4 Qd5
16.Ng3 Qa5 17.Qc2 Bd7 18.Be3 Rac8 19.Rab1 b6 20.Qd2 h5 21.Bd3 h4 22.Rb5 Qa4
23.Rh5 g6 24.Rh8+ Kg7 25.Rxd8 Nxd8 26.Ne4 Qa5 27.Bf4 f6 28.Rc1 Nf7 29.c4 Qxd2
30.Bxd2 f5 31.Nc3 Bf6 32.Ne2 e5 33.c5 exd4 34.Ba6 Rxc5  0-1

[Event "Ozery op1 Seniors"]
[Site "Ozery"]
[Date "1997.??.??"]
[Round "5"]
[White "Sorokin, B."]
[Black "Arkhangelsky, Boris"]
[Result "1/2-1/2"]
[WhiteElo "2135"]
[BlackElo "2425"]

1.e4 c5 2.c3 Nf6 3.e5 Nd5 4.d4 cxd4 5.Bc4 Nb6 6.Bb3 d5 7.exd6 Qxd6 8.Nf3 Nc6
9.O-O Be6 10.Na3 Bxb3 11.axb3 e6 12.Nb5 Qd7 13.Nbxd4 Nxd4 14.Nxd4 Be7 15.Qg4 O-O
16.Bh6 Bf6 17.Rad1 Kh8 18.Bg5 Bxg5 19.Qxg5 h6 20.Qh5  1/2-1/2

[Event "Ozery op1 Seniors"]
[Site "Ozery"]
[Date "1997.??.??"]
[Round "7"]
[White "Sanakoev, Grigory"]
[Black "Arkhangelsky, Boris"]
[Result "1-0"]
[WhiteElo "2270"]
[BlackElo "2425"]

1.e4 c5 2.c3 Nf6 3.e5 Nd5 4.d4 cxd4 5.Nf3 e6 6.Qxd4 Nc6 7.Qe4 d6 8.Nbd2 dxe5
9.Nxe5 Nxe5 10.Qxe5 Bd7 11.Nf3 Nf6 12.Bc4 Rc8 13.Qe2 Qc7 14.Ne5 Bd6 15.Nxd7 Qxc4
16.Nxf6+ gxf6 17.Be3 Rg8 18.Qxc4 Rxc4 19.g3 b6 20.O-O-O Ke7 21.Rd3 Bc5 22.Bxc5+ Rxc5
23.Rhd1 Rc7 24.Rd4 f5 25.Rh4 Rg7 26.a4 Rg4 27.Rd4 Rxd4 28.Rxd4 Kf6 29.Kd2 h5
30.b4 Kg6 31.c4 e5 32.Rd6+ Kg5 33.Kc3 h4 34.Rd5 hxg3 35.hxg3 f6 36.c5 f4
37.gxf4+ Kxf4 38.Kc4 Kf3 39.Rd2 e4 40.Rc2 f5 41.Kd5 bxc5 42.bxc5 f4 43.Kd6 Rh7
44.c6 Rh6+ 45.Kd7 Rh7+ 46.Kc8 e3 47.fxe3 fxe3 48.c7 e2 49.Rc1 Rh4 50.Kb8 Rb4+
51.Ka8 Rc4 52.Rxc4 e1=Q 53.c8=Q  1-0

[Event "RUS-Cup4"]
[Site "Perm"]
[Date "1997.??.??"]
[Round "4"]
[White "Zakharov, Alexander V"]
[Black "Kalegin, Evgenij"]
[Result "1-0"]
[WhiteElo "2375"]
[BlackElo "2485"]

1.e4 c5 2.c3 Nf6 3.e5 Nd5 4.d4 cxd4 5.Nf3 e6 6.cxd4 d6 7.Bc4 Nc6 8.O-O Be7
9.Qe2 O-O 10.a3 Re8 11.Bd3 g6 12.Qe4 a6 13.Bh6 dxe5 14.dxe5 f5 15.exf6 Nxf6
16.Qe2 Ng4 17.Bf4 Bd6 18.Bxd6 Qxd6 19.g3 Rf8 20.Nbd2 b5 21.h3 Nge5 22.Nxe5 Nxe5
23.Be4 Rb8 24.Rad1 Qb6 25.Bg2 Nc4 26.Nxc4 bxc4 27.Qxc4 Qxb2 28.Qc7 e5 29.Bd5+ Kh8
30.Rb1  1-0

[Event "PER-ch U26"]
[Site "Peru"]
[Date "1997.??.??"]
[Round "3"]
[White "Alvarado, Carlos"]
[Black "Salazar, Carlos"]
[Result "1/2-1/2"]
[WhiteElo "2030"]
[BlackElo "2270"]

1.e4 c5 2.c3 Nf6 3.e5 Nd5 4.g3 d6 5.exd6 Qxd6 6.Bg2 Nc6 7.Nf3 e5 8.O-O Be7
9.d4 cxd4 10.cxd4 e4 11.Ne5 Nxe5 12.dxe5 Qxe5 13.Qa4+ Bd7 14.Qxe4 Qxe4 15.Bxe4 Bc6
16.Nc3 Nxc3 17.Bxc6+ bxc6 18.bxc3 O-O 19.Rb1 Bf6 20.Be3 h6 21.Rb7 a5 22.c4 Rfd8  1/2-1/2

[Event "World op"]
[Site "Philadelphia"]
[Date "1997.??.??"]
[Round "3"]
[White "Slack, David R"]
[Black "Ruiz, Mauricio"]
[Result "0-1"]
[WhiteElo "2125"]
[BlackElo "2165"]

1.e4 c5 2.c3 Nf6 3.e5 Nd5 4.d4 cxd4 5.Nf3 e6 6.cxd4 Nc6 7.Bd3 d6 8.Qe2 dxe5
9.dxe5 Bb4+ 10.Bd2 Nf4  0-1

[Event "World op"]
[Site "Philadelphia"]
[Date "1997.??.??"]
[Round "3"]
[White "Shibut, Macon"]
[Black "Berube, Richard"]
[Result "1/2-1/2"]
[WhiteElo "2240"]
[BlackElo "2310"]

1.e4 c5 2.c3 Nf6 3.e5 Nd5 4.d4 cxd4 5.Nf3 e6 6.cxd4 b6 7.a3 Be7 8.Nc3 Nxc3
9.bxc3 Qc7 10.Bd2 Bb7 11.Bd3 d6 12.O-O Nd7 13.Re1 dxe5 14.Nxe5 Nxe5 15.Rxe5 Bf6
16.Rh5 g6 17.Bb5+ Kf8 18.Rh3 h5 19.Qc1 Kg7 20.Bg5 Qd8 21.Bxf6+ Qxf6 22.Qe3 h4
23.Be2 Rad8 24.a4 Qf5 25.f4 Qe4 26.Qxe4 Bxe4 27.a5 Kf6 28.axb6 axb6 29.Bd3 Bxd3
30.Rxd3 Rh5 31.Rb1 b5 32.Re3 Rc8 33.Kf2 Rf5 34.Rf3 Ra8 35.Rb2 Ke7 36.g3 hxg3+
37.hxg3 Rd5 38.Ke3 g5 39.fxg5 Rxg5 40.Rbf2 f5 41.Rb2 Rag8 42.Kf2 f4 43.Rxf4 Rxg3
44.Rxb5 Rxc3  1/2-1/2

[Event "Plzen KB opJ-C"]
[Site "Plzen"]
[Date "1997.??.??"]
[Round "3"]
[White "Rybak, Milan"]
[Black "Cvikl, Michal"]
[Result "1-0"]
[WhiteElo "2225"]
[BlackElo "1855"]

1.e4 c5 2.c3 Nf6 3.e5 Nd5 4.d4 cxd4 5.Nf3 d6 6.Bc4 e6 7.cxd4 Be7 8.O-O O-O
9.Qe2 Nc6 10.Nc3 Nxc3 11.bxc3 Qc7 12.Bd3 b6 13.Re1 Bb7 14.Qe4 g6 15.Qg4 Rfd8
16.Ng5 dxe5 17.Nxh7 Kxh7 18.Qh5+ Kg7 19.Qh6+ Kg8 20.Bxg6 fxg6 21.Qxg6+ Kh8
22.Re4 Nxd4 23.Qh6+ Kg8 24.Rg4+ Kf7 25.Rg7+  1-0

[Event "POL-ch sf"]
[Site "Poraj "]
[Date "1997.??.??"]
[Round "7"]
[White "Weglarz, Leszek"]
[Black "Blehm, Pawel"]
[Result "1/2-1/2"]
[WhiteElo "2370"]
[BlackElo "2420"]

1.e4 c5 2.c3 Nf6 3.e5 Nd5 4.d4 cxd4 5.cxd4 d6 6.exd6 Qxd6 7.Nf3 g6 8.Nc3 Bg7
9.Bc4 Nb6 10.Bb3 O-O 11.O-O Bg4 12.h3 Bxf3 13.Qxf3 Nc6 14.Be3 Nxd4 15.Bxd4 Qxd4
16.Qxb7 e6 17.Rad1 Qf4 18.Rd3 Be5 19.Rfd1 Rab8 20.Qe4 Qxe4 21.Nxe4 Bxb2 22.Nc5 Rfc8
23.Nxe6 fxe6 24.Bxe6+ Kg7 25.Bxc8 Rxc8 26.Rd8 Rc7 27.g3 Bf6 28.R8d3 g5 29.Kg2 Kg6
30.Rd6 Rf7 31.R1d3 Kg7 32.Rc6 Be5 33.Rc5 Bf6 34.Rc6 Be5 35.Rc5 Bf6  1/2-1/2

[Event "POL-ch sf"]
[Site "Poraj "]
[Date "1997.??.??"]
[Round "10"]
[White "Jakubiec, Artur"]
[Black "Filipek, Jakub"]
[Result "0-1"]
[WhiteElo "2455"]
[BlackElo "2390"]

1.e4 c5 2.c3 Nf6 3.e5 Nd5 4.Nf3 Nc6 5.Bc4 Nb6 6.Bb3 d5 7.exd6 Qxd6 8.Na3 a6
9.O-O Be6 10.d4 cxd4 11.Ng5 Bd5 12.c4 h6 13.Nh3 Be4 14.Re1 Bf5 15.Qf3 Qc5
16.Nf4 O-O-O 17.Nd5 e6 18.Bd2 Nd7 19.Qd1 Kb8 20.Rc1 Bd6 21.Nc2 exd5 22.cxd5 Nce5  0-1

[Event "Porto San Giorgio op"]
[Site "Porto San Giorgio"]
[Date "1997.??.??"]
[Round "7"]
[White "De Vita, Gianni"]
[Black "Moroder, Thomas"]
[Result "1-0"]
[WhiteElo "2155"]
[BlackElo "2170"]

1.e4 c5 2.c3 Nf6 3.e5 Nd5 4.d4 cxd4 5.Nf3 d6 6.cxd4 e6 7.Be2 Nc6 8.O-O Be7
9.Bd2 Qb6 10.Nc3 Nxd4 11.Nxd4 Qxd4 12.Bb5+ Kf8 13.exd6 Bxd6 14.Re1 Bc5 15.Nxd5 Qxf2+
16.Kh1 Bd7 17.Bxd7 Rd8 18.Bxe6 Qh4 19.Rf1 f6 20.Rf4  1-0

[Event "Portoroz op"]
[Site "Portoroz"]
[Date "1997.??.??"]
[Round "?"]
[White "Blauert, Joerg"]
[Black "Medvegy, Nora"]
[Result "0-1"]
[WhiteElo "2395"]
[BlackElo "2265"]

1.e4 c5 2.c3 Nf6 3.e5 Nd5 4.d4 cxd4 5.Nf3 e6 6.cxd4 b6 7.Nc3 Nxc3 8.bxc3 Qc7
9.Bd2 Bb7 10.Bd3 d6 11.O-O Nd7 12.Re1 dxe5 13.Nxe5 Nxe5 14.Rxe5 Bd6 15.Rh5 g6
16.Bb5+ Bc6 17.Qf3 O-O-O 18.Bxc6 gxh5 19.a4 a5 20.Rb1 f5 21.h3 Rhg8 22.c4 Bh2+
23.Kh1 Rxd4 24.Be3 Rxc4 25.Bb5 Rc3 26.Qa8+ Qb8 27.Qa6+ Kd8 28.Bxb6+ Ke7 29.Bxa5 Rc2
30.Re1 Bd6 31.Bb4 Rg6 32.Bxd6+ Qxd6 33.Qa8 Qd8 34.Qb7+ Rc7 35.Qf3 Kf6 36.Qxh5 Qd5
37.Qh4+ Kg7 38.Bf1 Qd2 39.Rb1 Qd5 40.Rb8 Rd7 41.Qb4 Qd6 42.Qc3+ Qd4 43.Qc8 Kh6
44.Qf8+ Rdg7 45.Kg1 Rf6 46.Qa3 Rc7 47.a5 Rc2 48.Qf3 Rc1 49.g3 Qc4 50.Qg2 f4
51.f3 Rf7 52.g4 Rd7 53.Rb2 Rdd1 54.Rf2 Qc5 55.Kh1 Qxf2  0-1

[Event "Portoroz op"]
[Site "Portoroz"]
[Date "1997.??.??"]
[Round "?"]
[White "Brezovar, Matjaz"]
[Black "Grosar, Aljosa"]
[Result "0-1"]
[WhiteElo "2185"]
[BlackElo "2495"]

1.e4 c5 2.c3 Nf6 3.e5 Nd5 4.d4 cxd4 5.Nf3 Nc6 6.Bc4 Nb6 7.Bb3 d5 8.exd6 Qxd6
9.O-O Be6 10.Na3 dxc3 11.Nb5 Qxd1 12.Rxd1 Rc8 13.Bxe6 fxe6 14.bxc3 g6 15.Be3 Nd5
16.Bxa7 Nxa7 17.Nxa7 Rc5 18.c4 Rxc4 19.Nb5 Bg7 20.Rac1 Rxc1 21.Rxc1 Kd7 22.g3 Ra8
23.a3 h6 24.h4 Ra5 25.Rb1 b6 26.Rb3 Ra4 27.Rd3 Bb2 28.Rd2 Bf6 29.Rd3 Ra5
30.Rb3 g5 31.hxg5 hxg5 32.Nfd4 Ra4 33.Rd3 Rc4 34.Ne2 Kc6 35.Nbd4+ Kd6 36.Kg2 Ra4
37.Kf1 Ra5 38.Ke1 e5 39.Nf5+ Ke6 40.Ne3 e4 41.Rb3 Nxe3 42.Rxb6+ Kf5 43.fxe3 Kg4
44.Kf2 Rf5+ 45.Kg2 Rf3 46.Rb3 Be5 47.a4 Bxg3 48.Nxg3 Rxg3+ 49.Kf2 Rh3 50.Kg2 Rg3+
51.Kf2 Kh3 52.Rb4 Rg2+ 53.Kf1 Ra2 54.Rxe4 g4 55.Rxe7 Ra1+ 56.Ke2 Rxa4 57.e4 Kg2
58.Ke3 g3 59.Rg7 Ra3+ 60.Kd4 Kf2  0-1

[Event "Portoroz op"]
[Site "Portoroz"]
[Date "1997.??.??"]
[Round "?"]
[White "Pavasovic, Dusko"]
[Black "Grosar, Aljosa"]
[Result "1/2-1/2"]
[WhiteElo "2460"]
[BlackElo "2495"]

1.e4 c5 2.c3 Nf6 3.e5 Nd5 4.d4 cxd4 5.Nf3 e6 6.cxd4 b6 7.Nc3 Nxc3 8.bxc3 Qc7
9.Bd2 Bb7 10.Bd3 d6 11.O-O Nd7 12.Ng5 dxe5 13.Qh5 g6 14.Qh3 Be7 15.Rae1 Bxg5
16.Bxg5 f5 17.dxe5 O-O  1/2-1/2

[Event "Portoroz op"]
[Site "Portoroz"]
[Date "1997.??.??"]
[Round "?"]
[White "Pavasovic, Dusko"]
[Black "Nikolov, Sasho"]
[Result "1/2-1/2"]
[WhiteElo "2460"]
[BlackElo "2370"]

1.e4 c5 2.c3 Nf6 3.e5 Nd5 4.d4 cxd4 5.Nf3 e6 6.cxd4 d6 7.Bc4 Nb6 8.Bb3 Nc6
9.O-O dxe5 10.dxe5 Qxd1 11.Rxd1 Bd7 12.Nc3 Na5 13.Bc2 Rc8 14.Be4 Na4 15.Nxa4 Bxa4
16.b3 Bc6 17.Bxc6+ Nxc6 18.Bb2 Be7 19.Rac1 Rd8 20.Nd4 Nxe5 21.Nb5 Rxd1+ 22.Rxd1 f6
23.Nxa7 Kf7 24.Bxe5 fxe5 25.Rd7 Kf6 26.g4 Bc5 27.Nb5 Rf8 28.Nc3 Kg6 29.Ne4 Bd4
30.Kg2 b6 31.Re7 h6 32.Rxe6+ Kh7 33.g5 hxg5 34.Nxg5+ Kg8 35.Nf3 Ra8 36.a4 b5
37.axb5 Ra3 38.b4 Rb3 39.Nxe5 Bxe5 40.Rxe5 Rxb4 41.Kg3 Kh7 42.h4 Rb3+ 43.Kg4 Rb2
44.f4 Rb1 45.Kf5 Rb4 46.Rd5 Kh6 47.Ke5 Kh5 48.Kd6+ Kxh4 49.Kc5 Rxf4 50.Rd4 g5
51.b6 Kh3 52.b7 Rf8 53.Kd6 g4 54.Rc4 Rb8 55.Kc7 Rxb7+ 56.Kxb7 g3 57.Rc3 Kh2  1/2-1/2

[Event "Portoroz op"]
[Site "Portoroz"]
[Date "1997.??.??"]
[Round "?"]
[White "Blauert, Joerg"]
[Black "Kozul, Zdenko"]
[Result "0-1"]
[WhiteElo "2395"]
[BlackElo "2590"]

1.e4 c5 2.c3 Nf6 3.e5 Nd5 4.d4 cxd4 5.Nf3 Nc6 6.cxd4 d6 7.Bc4 e6 8.O-O Be7
9.Bxd5 exd5 10.Nc3 Be6 11.Bf4 dxe5 12.Nxe5 Rc8 13.Re1 O-O 14.Rc1 Qa5 15.Nxc6 Rxc6
16.Qa4 Bb4 17.Qxa5 Bxa5 18.Bd2 Rc4 19.Red1 Rxd4 20.Be3 Rxd1+ 21.Rxd1 a6 22.Na4 Rd8
23.Nc5 Bc8 24.Nb3 Bc7 25.Rc1 Bd6 26.Bc5 Bb8 27.Bb6 Re8 28.Na5 Be5 29.b3 Bc3
30.Kf1 d4 31.Nc4 Bd7 32.Ba5 Bf5 33.Bxc3 Bd3+ 34.Kg1 dxc3 35.f3 c2 36.Kf2 Re2+
37.Kg3  0-1

[Event "Portoroz op"]
[Site "Portoroz"]
[Date "1997.??.??"]
[Round "?"]
[White "Stevic, Hrvoje"]
[Black "Novak, Danijel"]
[Result "1-0"]
[WhiteElo "2400"]
[BlackElo "2370"]

1.e4 c5 2.c3 Nf6 3.e5 Nd5 4.d4 cxd4 5.Nf3 Nc6 6.Bc4 Nb6 7.Bb3 g6 8.Ng5 d5
9.exd6 e6 10.Ne4 h6 11.cxd4 Bg7 12.O-O O-O 13.Nbc3 Kh7 14.d5 exd5 15.Nxd5 f5
16.Nec3 Nd4 17.Be3 Ne6 18.Nxb6 axb6 19.Nd5 f4 20.Bxb6 Qg5 21.Qd2 Ra6 22.Kh1 Rf5
23.Ne7 Rxb6 24.Nxf5 gxf5 25.d7 Bxd7 26.Qxd7 f3 27.Rg1 Nc5 28.Qf7 Ne4 29.Raf1 Qf4
30.Qg8+ Kg6 31.gxf3+ Ng5 32.Re1 Kh5 33.Qxg7 Qxf3+ 34.Rg2 Kh4 35.Re3 Qc6 36.Qe5 Rb4
37.Qg3+ Kh5 38.Qh3+ Kg6 39.Re6+ Kg7 40.Qxh6+  1-0

[Event "GER-CupT 9697 f-1"]
[Site "Porz"]
[Date "1997.??.??"]
[Round "?.2"]
[White "Hracek, Zbynek"]
[Black "Van Wely, Loek"]
[Result "0-1"]
[WhiteElo "2630"]
[BlackElo "2645"]

1.e4 c5 2.c3 Nf6 3.e5 Nd5 4.Nf3 e6 5.Bc4 Nb6 6.Bb3 c4 7.Bc2 d6 8.exd6 Bxd6
9.d4 cxd3 10.Qxd3 Nc6 11.O-O Ne5 12.Nxe5 Bxe5 13.Qh3 Bd7 14.Nd2 Qc7 15.Nf3 Bf6
16.Bg5 Nd5 17.Be4 Bc6 18.c4 Nb4 19.Bxc6+ Nxc6 20.Bxf6 gxf6 21.Qh6 Ke7 22.Rfe1 Rag8
23.Rad1 Rg4 24.g3 Qa5 25.Rd5 Qxa2 26.Nh4 Re4 27.Rdd1 Qxc4 28.Qg7 Rd8 29.Qxh7 Ne5
30.f4 Qc2 31.Qh5 Rxd1 32.Rxd1 Re2 33.Rf1 Qc5+ 34.Kh1 Qd5+ 35.Kg1 Qd4+ 36.Kh1 Qe4+
37.Kg1 Qe3+ 38.Kh1 Nd3 39.Qb5 Rxb2 40.Qc4 Qe2 41.Ng6+ fxg6 42.Qc7+ Kf8 43.Qd8+ Kg7
44.Qe7+ Kh6  0-1

[Event "CZE-ch U20"]
[Site "Prague"]
[Date "1997.??.??"]
[Round "2"]
[White "Novak, Pavel"]
[Black "Stocek, Jiri"]
[Result "0-1"]
[WhiteElo "2215"]
[BlackElo "2450"]

1.e4 c5 2.c3 Nf6 3.e5 Nd5 4.d4 cxd4 5.Nf3 d6 6.Qxd4 e6 7.exd6 Qxd6 8.Bb5+ Bd7
9.Bxd7+ Nxd7 10.O-O N5b6 11.Be3 Qxd4 12.Bxd4 f6 13.Nbd2 e5 14.Bxb6 Nxb6 15.Rfd1 O-O-O
16.Ne4 Be7 17.Kf1 g6 18.Ned2 Na4 19.Rab1 Rd7 20.Nc4 Rxd1+ 21.Rxd1 Rd8 22.Rxd8+ Kxd8
23.Ke2 b5 24.Na5 Kc7 25.c4 Bb4 26.Nb3 bxc4 27.Nbd2 Nxb2 28.Ne4 f5 29.Nf6 Kd6
30.Nxh7 e4  0-1

[Event "SVK-ch"]
[Site "Presov"]
[Date "1997.??.??"]
[Round "8"]
[White "Buchnicek, Petr"]
[Black "Vlcek, Stanislav"]
[Result "1/2-1/2"]
[WhiteElo "2270"]
[BlackElo "2110"]

1.e4 c5 2.c3 Nf6 3.e5 Nd5 4.d4 cxd4 5.cxd4 Nc6 6.Nf3 d6 7.Bc4 Nb6 8.Bb5 dxe5
9.Nxe5 Bd7 10.Bxc6 Bxc6 11.Nxc6 bxc6 12.O-O g6 13.Re1 Bg7 14.Bg5 O-O 15.Bxe7 Qxd4
16.Nc3 Rfe8 17.Qf3 Nd5 18.Rad1 Qb6 19.Nb5 cxb5 20.b4 a5 21.Qxd5 axb4 22.Bc5 Qa5
23.g3 Bc3 24.Rxe8+ Rxe8 25.Qc4 Qa4 26.Rc1 Ra8  1/2-1/2

[Event "SVK-ch"]
[Site "Presov"]
[Date "1997.??.??"]
[Round "8"]
[White "Dovzik, Juri"]
[Black "Plachetka, Jan"]
[Result "1/2-1/2"]
[WhiteElo "2410"]
[BlackElo "2445"]

1.e4 c5 2.c3 Nf6 3.e5 Nd5 4.d4 cxd4 5.Nf3 e6 6.cxd4 b6 7.Nc3 Nxc3 8.bxc3 Qc7
9.Bd2 d6 10.Bd3 Nd7 11.exd6 Bxd6 12.O-O O-O 13.Re1 Bb7 14.h3 Bf4 15.Be4 Bxe4
16.Rxe4 Bxd2 17.Qxd2 Nf6 18.Ree1 Rac8 19.Rac1 b5 20.a4 bxa4 21.c4 Rb8 22.Ne5 Nd7
23.Nxd7 Qxd7 24.Red1 Rfc8 25.Qa5 h6 26.d5 exd5 27.Rxd5 Qc6 28.Rd2 Rb6 29.Qxa7 Ra6
30.Qe7 a3 31.Rd8+ Rxd8 32.Qxd8+ Kh7 33.Qd3+ g6 34.Ra1 Qc5 35.Ra2 h5 36.h4 Ra4
37.g3 Kg7 38.Qe3 Kg8 39.Qb3 Ra5 40.Qb8+ Kg7 41.Qb3 Kh7 42.Kh2 Qa7 43.c5 Rxc5  1/2-1/2

[Event "CRO-Cup"]
[Site "Pula"]
[Date "1997.??.??"]
[Round "?"]
[White "Sermek, Drazen"]
[Black "Lalic, Bogdan"]
[Result "1/2-1/2"]
[WhiteElo "2575"]
[BlackElo "2585"]

1.e4 c5 2.c3 Nf6 3.e5 Nd5 4.Nf3 Nc6 5.d4 cxd4 6.Bc4 e6 7.cxd4 d6 8.O-O Be7
9.Bd2 O-O 10.Nc3 Nb6 11.Bb3 Bd7 12.exd6 Bxd6 13.d5 exd5 14.Nxd5 Bg4 15.Bc3 Ne5
16.Bxe5 Bxe5 17.h3 Bxf3 18.Qxf3 Nxd5 19.Bxd5 Qb6 20.Rae1 Bf6 21.Re3 Rad8
22.Rb3 Qa5 23.Bxb7 Qxa2 24.Ra3 Qxb2 25.Rxa7  1/2-1/2

[Event "CRO-Cup"]
[Site "Pula"]
[Date "1997.??.??"]
[Round "?"]
[White "Sermek, Drazen"]
[Black "Zivkovic, Vesna"]
[Result "1-0"]
[WhiteElo "2575"]
[BlackElo "2135"]

1.e4 c5 2.c3 Nf6 3.e5 Nd5 4.d4 cxd4 5.Nf3 e6 6.cxd4 d6 7.Bc4 Nc6 8.O-O Nc7
9.Nc3 d5 10.Bd3 h6 11.Be3 b6 12.Rc1 Bb7 13.a3 Qd7 14.b4 Ne7 15.Qe2 Bc6 16.Rc2 Rc8
17.Rfc1 g6 18.a4 Bg7 19.b5 Bb7 20.a5 bxa5 21.Na4 Ba8 22.Nc5 Qd8 23.Bd2 O-O
24.Bxa5 Qe8 25.Nb3  1-0

[Event "EU-chT (Men)"]
[Site "Pula"]
[Date "1997.??.??"]
[Round "1"]
[White "Rytshagov, Mikhail"]
[Black "Sadler, Matthew"]
[Result "0-1"]
[WhiteElo "2485"]
[BlackElo "2645"]

1.e4 c5 2.c3 Nf6 3.e5 Nd5 4.d4 cxd4 5.Nf3 Nc6 6.Bc4 Nb6 7.Bb3 d5 8.exd6 Qxd6
9.O-O Be6 10.Na3 dxc3 11.Qe2 Bxb3 12.Nb5 Qb8 13.axb3 e5 14.Nbd4 f6 15.bxc3 Qc8
16.Nxc6 bxc6 17.Nh4 g6 18.f4 Bc5+ 19.Be3 Bxe3+ 20.Qxe3 O-O 21.fxe5 Qe6 22.c4 Qxe5
23.Qxe5 fxe5 24.Rfe1 Nd7 25.Nf3 Nc5 26.Re3 Rfb8 27.Nd2 Rb7 28.Rxe5 Nxb3 29.Nxb3 Rxb3
30.Re7 a5 31.h3 Rb4 32.Rd1 Rxc4 33.Rdd7 Rh4 34.Rc7 a4 35.Rxc6 a3 36.Rec7 Rha4
37.Rc1 a2 38.Ra1 Rb4 39.Rcc1 Rb2  0-1

[Event "EU-chT (Men)"]
[Site "Pula"]
[Date "1997.??.??"]
[Round "2"]
[White "Roberts, Paul"]
[Black "Soylu, Suat"]
[Result "0-1"]
[WhiteElo "2210"]
[BlackElo "2395"]

1.e4 c5 2.c3 Nf6 3.e5 Nd5 4.d4 cxd4 5.Nf3 e6 6.cxd4 b6 7.Bd3 Ba6 8.O-O Be7
9.Nc3 Nxc3 10.bxc3 Qc8 11.Bxa6 Nxa6 12.Qd3 h6 13.a4 O-O 14.a5 Nc7 15.c4 Qa6
16.Bd2 b5 17.cxb5 Qxb5 18.Qxb5 Nxb5 19.Rfb1 a6 20.Rc1 Rfc8 21.Kf1 g5 22.h3 f5
23.exf6 Bxf6 24.Be3 d6 25.Ke2 Kf7 26.Kd3 Bd8 27.Bd2 Ke8 28.Re1 Kd7 29.Rac1 Bf6
30.Be3 Rxc1 31.Rxc1 Rg8 32.Nd2 Bd8 33.Ne4 Rf8 34.f3 Rf5 35.Ra1 Rd5 36.Kc4 Rf5
37.Kd3 Bc7 38.Ra2 Rf8 39.Bd2 Na7 40.Ng3 Nc6 41.Bc3 Rb8 42.Ne4 Bd8 43.Nd2 Rb5
44.Nc4 Bc7 45.Ra1 Ke7 46.Ra4 Kd7 47.Ra1 Nb4+ 48.Bxb4 Rxb4 49.Kc3 Rb5 50.Ra4 Kc6
51.Ra1 d5 52.Ne5+ Bxe5 53.dxe5 Kc5 54.Ra4 Rb1 55.h4 Re1 56.hxg5 hxg5 57.Ra2 d4+
58.Kd3 Re3+ 59.Kd2 Rxe5 60.Rc2+ Kb5 61.Kd3 Rd5 62.Re2 e5 63.Ra2 Kb4 64.Ra1 Rxa5
65.Rb1+ Kc5 66.Ke4 Ra3 67.Rc1+ Rc3 68.Ra1 Re3+ 69.Kf5 d3 70.Rxa6 d2 71.Ra5+ Kc4
72.Ra4+ Kb3  0-1

[Event "Pula op"]
[Site "Pula"]
[Date "1997.??.??"]
[Round "2"]
[White "Kos, Emin"]
[Black "Cvitan, Ognjen"]
[Result "0-1"]
[WhiteElo "2210"]
[BlackElo "2550"]

1.e4 c5 2.c3 Nf6 3.e5 Nd5 4.d4 cxd4 5.Nf3 e6 6.cxd4 d6 7.Bc4 Nc6 8.O-O Be7
9.Qe2 O-O 10.Qe4 Qc7 11.Bd3 f5 12.exf6 Nxf6 13.Qe2 Nb4 14.Bc4 d5 15.Bb3 Nc6
16.Nc3 a6 17.h3 Bd6 18.Rd1 Bd7 19.Bg5 Rf7 20.Rac1 Raf8 21.Bc2 h6 22.Be3 g5
23.Bb1 Qb8 24.Kh1 Rg7 25.Na4 Be8 26.Ne1 Bg6 27.Bxg6 Rxg6 28.Nc5 Bxc5 29.Rxc5 Ne4
30.Rcc1 Rgf6 31.Nd3 Ne7 32.Kg1 Ng6 33.f3 Ng3 34.Qe1 Nf5 35.Bf2 Qd8 36.Rc2 Qb6
37.Nc5 R8f7 38.Rd3 Nd6 39.Rb3 Qc6 40.Bg3 Nf5 41.Be5 Nxe5 42.Qxe5 Kg7 43.Rcc3 Qe8
44.Nxb7 Qa4 45.Nc5 Qxd4+ 46.Qxd4 Nxd4 47.Nxa6 Nxb3 48.Rxb3 Ra7 49.Nb4 Rf4
50.a3 Rc7 51.Re3 Kf6 52.Kf2 Rd4 53.Re2 Rd1 54.Ke3 Rc4 55.Nd3 h5 56.Rd2 Rb1
57.Re2 e5 58.Kd2 e4 59.fxe4 dxe4 60.Re1 Rxe1 61.Nxe1 Ke5 62.Nc2 Kf4 63.b4 e3+
64.Nxe3 Rd4+ 65.Ke2 Re4 66.g3+ Kxg3 67.Kd3 Re8 68.b5 Ra8 69.Nc2 Kxh3 70.Ke4 g4
71.b6 Rc8  0-1

[Event "Pula op"]
[Site "Pula"]
[Date "1997.??.??"]
[Round "2"]
[White "Rosandic, Denis"]
[Black "Sax, Gyula"]
[Result "0-1"]
[WhiteElo "2280"]
[BlackElo "2545"]

1.e4 c5 2.c3 Nf6 3.e5 Nd5 4.d4 cxd4 5.cxd4 e6 6.Nf3 b6 7.Nc3 Nxc3 8.bxc3 Qc7
9.Bd2 d6 10.Bd3 Nd7 11.O-O dxe5 12.Ng5 Bb7 13.Qh5 g6 14.Qh3 e4 15.Nxe4 Bg7
16.Rfe1 O-O 17.Qh4 Bxe4 18.Bxe4 Rac8 19.Re3 Qd8 20.Qh3 e5 21.Rd3 exd4 22.cxd4 Rc4
23.Rd1 Nf6 24.Bg5 Qd6 25.Bxf6 Bxf6 26.Qf3 Rd8 27.d5 Be5 28.R3d2 Bxh2+ 29.Kf1 Be5
30.Rc2 Ra4 31.Qe2 Qf6 32.Rc4 Ra5 33.Bf3 Rc5 34.Ra4 a5 35.Ra3 h5 36.Rb3 h4
37.Rbd3 Qf4 38.Bg4 Rc4 39.Rf3 Qxg4 40.Qxe5 h3 41.Qg3 Rxd5 42.Rxd5 Rc1+ 43.Ke2 Qe4+
44.Re3 Qxd5  0-1

[Event "Pula op"]
[Site "Pula"]
[Date "1997.??.??"]
[Round "3"]
[White "Waldmann, Gerald"]
[Black "Balinov, Ilija"]
[Result "0-1"]
[WhiteElo "2175"]
[BlackElo "2570"]

1.e4 c5 2.c3 Nf6 3.e5 Nd5 4.d4 cxd4 5.Nf3 Nc6 6.Bc4 Nb6 7.Bb3 g6 8.Ng5 d5
9.exd6 e6 10.Ne4 h6 11.cxd4 Bg7 12.Be3 f5 13.d7+ Qxd7 14.Nc5 Qd6 15.O-O Kf7
16.Re1 Re8 17.Nc3 Nxd4 18.Bxd4 Bxd4 19.Nxe6 Bxe6 20.Nb5 Bxf2+ 21.Kxf2 Qc5+
22.Nd4 Rad8 23.Rxe6 Rxe6 24.Bxe6+ Kf6 25.Rc1 Qe5 26.Bb3 Rxd4 27.Qe1 Re4 28.Qd2 Rd4
29.Qxh6  0-1